[Event "Berlin-ch Seniors op 35th"]
[Site "Berlin"]
[Date "2019.02.04"]
[Round "6"]
[White "Tuertmann, Dieter"]
[Black "Will, Wolfgang"]
[Result "1/2-1/2"]
[WhiteElo "1975"]
[BlackElo "1849"]
[PlyCount "118"]
[EventDate "2019.01.29"]
[EventType "swiss"]
[EventRounds "9"]
[EventCountry "GER"]
[SourceTitle "CBM 189 Extra"]
[Source "ChessBase"]
[SourceDate "2019.06.03"]
[SourceVersion "1"]
[SourceVersionDate "2019.06.03"]
[SourceQuality "1"]

1. b3 e5 2. Bb2 Nc6 3. e3 Nf6 4. Be2 Be7 5. d3 0-0 6. Nd2 d5 7. Bf3 Re8 8. a3 Bd7 9. Ne2 Bc5 10. Ng3 d4 11. e4 a5 12. 0-0 b5 13. Qe2 Ne7 14. Nf5 Ra6 15. Nxe7+ Qxe7 16. Rfb1 h6 17. Nf1 g5 18. h3 Kg7 19. Bc1 Nh7 20. g4 Rf6 21. Ng3 Rb6 22. Kg2 Nf8 23. Nf5+ Bxf5 24. gxf5 Nd7 25. a4 b4 26. Bd2 Rh8 27. Rh1 Rbb8 28. Rh2 Rbg8 29. Rah1 Nf6 30. Kf1 Nh7 31. Rg1 Kf8 32. Rgg2 Qf6 33. Qd1 Rg7 34. Rg3 Be7 35. Qc1 Qc6 36. Qd1 Ke8 37. Be2 Qd6 38. Qc1 Rhg8 39. f4 Bf6 40. fxg5 Bxg5 41. Rgg2 Qf6 42. Bxg5 Rxg5 43. Qe1 Rxg2 44. Rxg2 Rxg2 45. Kxg2 Qg5+ 46. Qg3 Qd2 47. Qxe5+ Kd8 48. Qxd4+ Kc8 49. Kf2 Ng5 50. e5 Nxh3+ 51. Kg3 Qxe2 52. Kxh3 Qh5+ 53. Kg3 Qxf5 54. Qc5 Qg5+ 55. Kf3 f5 56. Qxa5 Qg4+ 57. Kf2 Qf4+ 58. Ke2 Qg4+ 59. Kf2 Qf4+ 1/2-1/2

[Event "Berlin-ch Seniors op 35th"]
[Site "Berlin"]
[Date "2019.02.01"]
[Round "4"]
[White "Wagner Michel, Annett"]
[Black "Will, Wolfgang"]
[Result "1-0"]
[WhiteElo "2109"]
[BlackElo "1849"]
[PlyCount "50"]
[EventDate "2019.01.29"]
[EventType "swiss"]
[EventRounds "9"]
[EventCountry "GER"]
[SourceTitle "CBM 189 Extra"]
[Source "ChessBase"]
[SourceDate "2019.06.03"]
[SourceVersion "1"]
[SourceVersionDate "2019.06.03"]
[SourceQuality "1"]

1. e4 e6 2. d4 d5 3. Nd2 Nc6 4. c3 Be7 5. Ngf3 dxe4 6. Nxe4 Nf6 7. Bd3 h6 8. 0-0 0-0 9. Qe2 Qe8 10. Nxf6+ Bxf6 11. Qe4 g6 12. Bxh6 Bg7 13. Bxg7 Kxg7 14. Rfe1 Bd7 15. Ne5 f5 16. Qf4 Qe7 17. d5 g5 18. Nxc6 bxc6 19. Qe5+ Rf6 20. dxe6 Bc8 21. Bxf5 Rb8 22. c4 c5 23. Bg4 Kh6 24. Re3 Rb6 25. Rh3+ Kg7 1-0

[Event "Berlin-ch Seniors op 33rd"]
[Site "Berlin"]
[Date "2017.02.01"]
[Round "2"]
[White "Will, Wolfgang"]
[Black "Vandre, Wolfgang"]
[Result "0-1"]
[WhiteElo "1855"]
[BlackElo "2125"]
[PlyCount "60"]
[EventDate "2017.01.31"]
[EventType "swiss"]
[EventRounds "9"]
[EventCountry "GER"]
[SourceTitle "EXT 2019"]
[Source "ChessBase"]
[SourceDate "2018.10.10"]
[SourceVersion "1"]
[SourceVersionDate "2018.10.10"]
[SourceQuality "1"]

1. e4 c5 2. Nf3 d6 3. d4 cxd4 4. Nxd4 Nf6 5. Nc3 a6 6. Be2 e5 7. Nb3 Be7 8. Be3 Be6 9. 0-0 Nbd7 10. f4 Qc7 11. f5 Bc4 12. Bxc4 Qxc4 13. Nd2 Qc6 14. Qf3 b5 15. a3 Rb8 16. Nb3 Nb6 17. Bxb6 Qxb6+ 18. Kh1 Rc8 19. g4 h6 20. Rg1 Qb7 21. Rge1 0-0 22. Rad1 b4 23. axb4 Qxb4 24. Ra1 Rfd8 25. Ra4 Rxc3 26. Qxc3 Qxa4 27. Na5 Nxe4 28. Qc7 Nf2+ 29. Kg1 Qxg4+ 30. Kxf2 Bh4+ 0-1

[Event "Berlin-ch Seniors op 32nd"]
[Site "Berlin"]
[Date "2016.01.27"]
[Round "2"]
[White "Vandre, Wolfgang"]
[Black "Will, Wolfgang"]
[Result "0-1"]
[WhiteElo "2129"]
[BlackElo "1889"]
[PlyCount "48"]
[EventDate "2016.01.26"]
[EventType "swiss"]
[EventRounds "9"]
[EventCountry "GER"]
[SourceTitle "EXT 2019"]
[Source "ChessBase"]
[SourceDate "2018.10.10"]
[SourceVersion "1"]
[SourceVersionDate "2018.10.10"]
[SourceQuality "1"]

1. d4 d5 2. c4 e6 3. Nc3 Nf6 4. Bg5 Be7 5. e3 0-0 6. Nf3 Nc6 7. Rc1 h6 8. Bh4 Ne8 9. Bg3 dxc4 10. Bxc4 Nd6 11. Bd3 Nb4 12. Bb1 c6 13. a3 Nd5 14. Qd3 g6 15. e4 Nxc3 16. Rxc3 Nb5 17. Rc1 Qa5+ 18. Kf1 Rd8 19. Qe3 Bf8 20. h4 Bg7 21. Be5 Bxe5 22. dxe5 Kg7 23. Qf4 Nd4 24. h5 Qb5+ 0-1